Score 0/15 Timer 04:00
3 Plays Today
Question Answer % Correct
Located in the Mekong Delta, Tân An is a region in what Asian country?Vietnam
79.6%
What fairy tale princess is featured in the 2010 Disney film, 'Tangled'?Rapunzel
71.9%
Bill Tanner serves as MI6's Chief of Staff in what film and novel series created by Ian Fleming?James Bond
71.1%
In the Min Nan variety of what language is the surname 'Chen' prounounced as 'Tan'?Chinese
66.9%
The tangent function, or TAN, is one of the main functions in what branch of mathematics?trigonometry
64.6%
Tanzania celebrates its Independence Day and the end of British rule during what month?December
57.9%
Yuan Yuan Tan is the prima ballerina in the oldest U.S. ballet production company, located in this city?San Francisco
42.9%
Tan is a color pattern for what type of domestic barn animals?goats
42.6%
Question Answer % Correct
What animated FOX series featured an episode named 'The Tan Aquatic with Steve Zissou'?Family Guy
39.8%
Bark from what type of tree is the source of the name for the color tan?oak
30.1%
TAN Books is an American book distributor for the 'traditional' practice of what Christian denomination?Catholicism
28.8%
Vincent Tan is the owner of what professional football club, located in the Welsh capital?Cardiff City F.C.
22.2%
Occuring from 1919-1921, what country's war of independence is sometimes called the 'Tan War'?Ireland
14.5%
What country artist released the album, 'All I Want for Christmas Is a Real Good Tan'?Kenny Chesney
12.1%
Fan Tan & Parliament are alternate names for what card game, sharing its name with a number?Sevens
11.6%
Remove Ads.
Support Sporcle.
Get the best of Sporcle when you Go Orange. This ad-free experience offers more features, more stats, and more fun while also helping to support Sporcle. Thank you for becoming a member.

You're not logged in!

Compare scores with friends on all Sporcle quizzes.
OR
Log In

Sporcle TV

Today on Sporcle TV


Watch our educational content, quiz creation guides, and fun videos on Sporcle TV.

Show Comments

Extras

Top Quizzes Today


Score Distribution

Paid Content

Your Account Isn't Verified!

In order to create a playlist on Sporcle, you need to verify the email address you used during registration. Go to your Sporcle Settings to finish the process.

Report this User

Report this user for behavior that violates our Community Guidelines.

Details: